Collaboration for change: (Record no. 121889)

MARC details
000 -LEADER
fixed length control field 00678nam a22001937a 4500
008 - FIXED-LENGTH DATA ELEMENTS--GENERAL INFORMATION
fixed length control field 240403t2015 xxk||||| |||| 00| 0 eng d
020 ## - INTERNATIONAL STANDARD BOOK NUMBER
ISBN 9780993249709
041 ## - LANGUAGE CODE
Language code of text/sound track or separate title eng
082 ## - DEWEY DECIMAL CLASSIFICATION NUMBER
Classification number 331.041
100 ## - MAIN ENTRY--PERSONAL NAME
Personal author Morrell, Paul
110 ## - MAIN ENTRY--CORPORATE NAME
Corporate author Arup
245 ## - TITLE STATEMENT
Title Collaboration for change:
Subtitle The Edge Commission report on the future of professionalism
260 ## - PUBLICATION INFORMATION
Publisher The Edge,
300 ## - PHYSICAL DESCRIPTION
Physical description 96p.
Dimensions 23cm
520 ## - ABSTRACT
Abstract This report represents the summation of a series of sessions organised by the Edge with a number of the professions with which it works including RICS, CIBSE, CIOB and others.
650 ## - KEYWORDS
Keywords SURVEYING PROFESSION
651 ## - SUBJECT ADDED ENTRY--GEOGRAPHIC NAME
Geographic name United Kingdom
942 ## - ADDED ENTRY ELEMENTS (KOHA)
Suppress in OPAC Do not suppress in OPAC
Holdings
Lost status Source of classification or shelving scheme Damaged status Not for loan Home library Current library Shelving location Date acquired Total Checkouts Full call number Date last seen Price effective from Koha item type
  Dewey Decimal Classification     London London Books 03/04/2024   331.041 03/04/2024 03/04/2024 Book